000 01282cam a2200337 i 4500
001 40821
003 Mx-PuUPA
005 20241022123551.0
008 140415s2024 sp gr 000 e spa d
017 _aM-2112-2024
020 _a9788413391809
040 _aMx-PuUPA
_bspa
_cMx-PuUPA
_dMx-PuUPA
_erda
041 0 _aspa
100 1 _aRodríguez Díaz, Marta,
_915689
_eautor
245 1 0 _aGénero, jóvenes e iglesia :
_bjuntar las piezas /
_cMartha Rodríguez Díaz ; prólogo de Ramón Lucas Lucas
264 1 _aMadrid :
_bEdiciones Encuentro,
_c2024
300 _a195 páginas :
_c22 cm
336 _2rdacontent
_atexto
_btxt
337 _2rdamedia
_asin medio
_bn
338 _2rdacarrier
_avolumen
_bnc
490 0 _aColección 100XUNO ;
_v129
650 7 _2armarc
_aComunicación en la familia
650 7 _2armarc
_aFamilias
_xAspectos psicológicos
650 7 _2armarc
_aSexualidad
_xAspectos religiosos
700 1 _aLucas Lucas, Ramón,
_eprologuista
942 _2ddc
_cLI
_h306.85
_iR685
999 _c40821
_d40821